Statistical Inference For Management and Economics (Record no. 351583)

000 -LEADER
fixed length control field 00549nam a22001937a 4500
003 - CONTROL NUMBER IDENTIFIER
control field OSt
005 - DATE AND TIME OF LATEST TRANSACTION
control field 20180116183050.0
008 - FIXED-LENGTH DATA ELEMENTS--GENERAL INFORMATION
fixed length control field 160809b xxu||||| |||| 00| 0 eng d
020 ## - INTERNATIONAL STANDARD BOOK NUMBER
International Standard Book Number 0205106129
040 ## - CATALOGING SOURCE
Transcribing agency 0
082 ## - DEWEY DECIMAL CLASSIFICATION NUMBER
Classification number 519.54 BIL 1986
100 ## - MAIN ENTRY--PERSONAL NAME
Personal name Patrick Billingsley
245 ## - TITLE STATEMENT
Title Statistical Inference For Management and Economics
Statement of responsibility, etc. Patrick Billingsley
250 ## - EDITION STATEMENT
Edition statement 3rd edition
260 ## - PUBLICATION, DISTRIBUTION, ETC.
Place of publication, distribution, etc. USA
Name of publisher, distributor, etc. Allyn and Bacon,Inc
Date of publication, distribution, etc. 1986
300 ## - PHYSICAL DESCRIPTION
Extent 746 p.
Other physical details PB
440 ## - SERIES STATEMENT/ADDED ENTRY--TITLE
Title Statistical Inference for Management and Economics
942 ## - ADDED ENTRY ELEMENTS (KOHA)
Source of classification or shelving scheme
Koha item type Book
Holdings
Withdrawn status Lost status Source of classification or shelving scheme Damaged status Not for loan Collection code Permanent Location Current Location Shelving location Date acquired Total Checkouts Full call number Barcode Date last seen Date last checked out Price effective from Koha item type
            Central Library (CL) Central Library (CL) General Stacks 08/09/2016 1 519.54 BIL 1986 NBSD-2652 10/19/2016 10/19/2016 08/09/2016 Book
© 2023 Central Library, National University of Sciences and Technology. All Rights Reserved.